00349nam a22001457a 4500003000400000008004100004020001800045082001500063100001900078245002700097250001300124260004500137300001300182650000800195OSt240413b |||||||| |||| 00| 0 eng d a9789325981171 a658.45 VEB aVERMA, Shalini aBusiness Communication a2nd. ed. aNoidabVikash Publishing House Pvt. Ltd. a443+4 p. aBCA